000 00364nam a2200121 a 4500
001 000011426
005 20200929162441.0
008 091016s1953 sp 001 0 spa d
100 1 _aAsián Peña, José L.
_q(José Luis)
_927098
245 1 0 _aNociones de historia de la cultura /
_cJosé L. Asián Peña.
260 _aBarcelona :
_bBosch,
_c1953.
999 _c11129
_d11129
040 _aDO-SdBNP